00857nam a2200253 a 450000100060000000300080000600500170001400800410003102000470007202000470011903500190016604000320018504100080021708200260022524500760025125000120032726000850033930000340042450400510045865000200050965000180052970000220054783000340056967930BD-RjUL20211209081719.0920115s19951992enka b 001 0 eng  a019963212X (hbk.) :c£30.00 ($45.00 U.S.) a0199632138 (pbk.) :c£19.50 ($30.00 U.S.) a(BD-RjUL)68139 aDLCcDLCdDLCdBD-RjULbeng aeng00223a571.538bANI 199510aAnimal cell culture :ba practical approach /cedited by R.I. Freshney. a2nd ed. aOxford;aNew York :bIRL Press at Oxford University Press,cc1992 [reprint 1995] axix, 329 p. :bill. ;c25 cm. aIncludes bibliographical references and index. 0aTissue culture. 0aCell culture.1 aFreshney, R. Ian. aThe practical approach series